000 00516nam a2200193Ia 4500
005 20250508163831.0
008 008 250505s9999 xx 000 0 hin d
020 _a81-85828-77-6
037 _aTextual
040 _aFEDL
_beng
_cFEDL
041 _ahin
_2eng
084 _a376.954, AGR
_qFEDL
100 _aAgrawal J C
_9104702
245 0 _aBharat mein nari shiksha
260 _aNew Delhi, India
_bVidya
_c1998
300 _a120p
942 _cTEXL
_h376.954, AGR
999 _c1385510
_d1385510